000 00654nab a2200181 4500
001 244442
003 OSt
005 20240514111659.0
007 tu
008 200917s2020|||||||
040 _aDE-2950
_cDE-2950
245 0 0 _aGrüner Markt am Rathaus - Betreiberin setzt sich durch
_bEinkaufen. Ina Hölzel hat bei der neuen Ausschreibung des Zuschlag erhalten. Sie setzt auf regionale Anbieter und eine Kombination mit Imbissständen/
_cPhilipp Stepputtis
264 _c2024
653 _aFrankfurt (Oder)
653 _aGrüner Markt
773 0 _g35. Jahrgang (2024) Nr. 105 vom 06.05.2024, S. 13 mit Foto
_tMärkische Oderzeitung
942 _2z
_cA
999 _c373138
_d373138